Normal view
MARC view
- تاليف والت، ستبفن، م.مشارك ميرزهايمر، جون؛ ترجمة وتقديم المحامى، محمد الحموري
Entry Personal Name
001 - CONTROL NUMBER
- control field: 47775
003 - CONTROL NUMBER IDENTIFIER
- control field: JO-AjAnu
005 - DATE AND TIME OF LATEST TRANSACTION
- control field: 20230606081902.0
008 - FIXED-LENGTH DATA ELEMENTS
- fixed length control field: 230606|| aca||aabn | a|a d
040 ## - CATALOGING SOURCE
- Original cataloging agency: JO-AjAnu
- Transcribing agency: JO-AjAnu
100 ## - HEADING--PERSONAL NAME
- Personal name: تاليف والت، ستبفن، م.مشارك ميرزهايمر، جون؛ ترجمة وتقديم المحامى، محمد الحموري
670 ## - SOURCE DATA FOUND
- Source citation: Work cat.: (JO-AjAnu)24447: تاليف والت، ستبفن، م.مشارك ميرزهايمر، جون؛ ترجمة وتقديم المحامى، محمد الحموري, author, اللوبي الإسرائيلي والسياسة الأمريكية الخارجية: تقرير هارفاد = THE ISRAEL LOBBY AND USFOREIGN POLICY